Mảnh trăng Tô Lịch : Tiểu thuyết lịch sử /

Sparad:
Bibliografiska uppgifter
Huvudupphovsman: Nguyễn Siêu Hải, 1924-
Materialtyp: Sách giấy
Språk:Vietnamese
Publicerad: H. : Thanh niên, 2004
Upplaga:In lần thứ hai
Serie:Tiểu thuyết lịch sử; 1
Taggar: Lägg till en tagg
Inga taggar, Lägg till första taggen!
Thư viện lưu trữ: Thư viện Trường Đại học Đà Lạt
LEADER 00722nam a2200289 4500
001 DLU040029509
005 ##20041006
040 # # |a DLU  |b vie 
041 # # |a vie 
044 # # |a vn 
082 # # |a TV  |b NG-H 
100 # # |a Nguyễn Siêu Hải,  |d 1924- 
245 # # |a Mảnh trăng Tô Lịch :  |b Tiểu thuyết lịch sử /  |c Nguyễn Siêu Hải 
250 # # |a In lần thứ hai 
260 # # |a H. :  |b Thanh niên,  |c 2004 
300 # # |a 478 tr. ;  |c 19 cm 
490 # # |a Tiểu thuyết lịch sử;   |v 1 
923 # # |a 30/2004 
992 # # |a 50.000 
994 # # |a DLU 
900 # # |a True 
911 # # |a Đào Thị Thu Huyền 
925 # # |a G 
926 # # |a A 
927 # # |a SH 
980 # # |a Thư viện Trường Đại học Đà Lạt